000 00596nam a22001577a 4500
003 OSt
005 20151101111846.0
008 151101b xxu||||| |||| 00| 0 eng d
040 _cRUA
082 _aFOR ពូ 1990 B115 Or.1
100 _93138
_aពូ, ធានសែ
245 _aសិក្សាសារព័ន្ធព្រៃឈើក្រោយពេលធ្វើអាជីវកម្មនៅអនុតំបន់២៤ស្រុកស្នួល ខេត្តក្រចេះ
260 _aPhnom Penh
_bRUA
_c1990
300 _a75p.
_bill.
_c29cm.
942 _2ddc
_cFOR
999 _c2928
_d2928